Nghiên cứu hiện trạng phân bố và kỹ thuật nhân giống cây mật nhân (Eurycoma longifolia Jack) tại Đà Nẵng

Cung cấp dẫn liệu khoa học mới, xây dựng bản đồ khái quát về hiện trạng phân bố, các đặc điểm sinh thái của vùng phân bố cây mật nhân tại huyện Hòa Vang - TP Đà Nẵng; đồng thời xác định đƣợc kỹ thuật tái sinh cây mật nhân từ hạt nhằm góp phần bảo tồn, phát triển bền vững loài cây thuốc quý....

Cijeli opis

Spremljeno u:
Bibliografski detalji
Glavni autor: Lê Thị Thùy Trâm
Daljnji autori: Lê Thị Thính TS. (Hướng dẫn)
Format: Knjiga
Jezik:Vietnamese
Izdano: Đà Nẵng Đại học Đà Nẵng 2015
Teme:
Oznake: Dodaj oznaku
Bez oznaka, Budi prvi tko označuje ovaj zapis!
Thư viện lưu trữ: Mạng thư viện Đại học Đà Nẵng
LEADER 01868nam a2200337 4500
001 000020181
003 16626
005 20150317080305.0
008 150304s2015 viesd
041 |a vie 
082 1 4 |a 633.88378  |b LÊ-T 
100 1 |a Lê Thị Thùy Trâm 
245 1 |a Nghiên cứu hiện trạng phân bố và kỹ thuật nhân giống cây mật nhân (Eurycoma longifolia Jack) tại Đà Nẵng  |c Lê Thị Thùy Trâm ; Lê Thị Thính hướng dẫn.  |k Luận văn Thạc sĩ 
260 |a Đà Nẵng  |b Đại học Đà Nẵng  |c 2015 
300 |a 86 tr., phụ lục 3 tr.  |b biểu đồ, bảng, hình mh.  |c 29 cm.  |e Tóm tắt 
500 |a Luận văn thạc sĩ Khoa học. Chuyên ngành: Sinh thái học. Mã số: 60.42.60. 
520 3 |a Cung cấp dẫn liệu khoa học mới, xây dựng bản đồ khái quát về hiện trạng phân bố, các đặc điểm sinh thái của vùng phân bố cây mật nhân tại huyện Hòa Vang - TP Đà Nẵng; đồng thời xác định đƣợc kỹ thuật tái sinh cây mật nhân từ hạt nhằm góp phần bảo tồn, phát triển bền vững loài cây thuốc quý. 
650 0 4 |a Cây mật nhân  |v Luận văn tốt nghiệp  |x Phân bố  |x Nghiên cứu  |z Đà Nẵng 
653 |a Sinh thái học 
653 |a Cây mật nhân 
700 1 |a Lê Thị Thính  |c TS.  |e Hướng dẫn 
OWN |a LSP 
AVA |a UDN50  |b LSP  |d 633.88378 LÊ-T  |e available  |t Error 5001 Not defined in file expand_doc_bib_avail.  |f 1  |g 0  |h N  |i 0  |k 1 
999 |a From the UDN01 
AVA |a UDN50  |b LSP  |d 633.88378 LÊ-T  |e available  |t Error 5001 Not defined in file expand_doc_bib_avail.  |f 1  |g 0  |h N  |i 0  |k 1 
TYP |a Monograph 
TYP |a Printed language 
980 |a Mạng thư viện Đại học Đà Nẵng